000 00364nam a22001577a 4500
003 CEME
005 20210628202948.0
008 210119b xxu||||| |||| 00| 0 eng d
040 _c.
082 _a297.63 SYE
100 _aSyed Sulaman Nadvi
_962572
245 _aMeraj-e-rasool
260 _aLAHORE
_bMAKTABA-E-DARUL-ULOOM
300 _a110
942 _cBK
_2ddc
999 _c571646
_d571646